[Event "Cardiff Welsh op"]
[Site "Cardiff"]
[Date "2023.04.08"]
[Round "2"]
[White "Bridges, Paul"]
[Black "Bickford, Ben"]
[Result "1/2-1/2"]
[WhiteElo "1751"]
[BlackElo "1482"]
[PlyCount "63"]
[EventDate "2023.04.07"]
[EventType "swiss"]
[EventRounds "7"]
[EventCountry "WLS"]
[SourceTitle "EXT 2024"]
[Source "ChessBase"]
[SourceDate "2023.10.10"]
[SourceVersion "1"]
[SourceVersionDate "2023.10.10"]
[SourceQuality "1"]

1. e4 e5 2. Nc3 Nc6 3. f4 exf4 4. Nf3 Be7 5. h4 d6 6. d3 Ne5 7. Bxf4 Nxf3+ 8. Qxf3 Bxh4+ 9. g3 Bg5 10. 0-0-0 Nh6 11. Re1 a5 12. e5 Bxf4+ 13. gxf4 dxe5 14. Rxe5+ Kf8 15. Bh3 Bxh3 16. Rxh3 b6 17. Qh1 f6 18. Re2 Kf7 19. Ne4 Re8 20. Rg2 a4 21. a3 Rg8 22. Qd1 Qd7 23. Rh1 Qd5 24. Kb1 b5 25. Rh5 f5 26. Ng5+ Kg6 27. Qh1 Qxg2 28. Qxg2 Kxh5 29. Qh1+ Kg6 30. Qc6+ Kh5 31. Qh1+ Kg6 32. Qc6+ 1/2-1/2

[Event "Cardiff Welsh op"]
[Site "Cardiff"]
[Date "2023.04.08"]
[Round "3"]
[White "Graczyk, Piotr1111"]
[Black "Bridges, Paul"]
[Result "1-0"]
[WhiteElo "1524"]
[BlackElo "1751"]
[PlyCount "73"]
[EventDate "2023.04.07"]
[EventType "swiss"]
[EventRounds "7"]
[EventCountry "WLS"]
[SourceTitle "EXT 2024"]
[Source "ChessBase"]
[SourceDate "2023.10.10"]
[SourceVersion "1"]
[SourceVersionDate "2023.10.10"]
[SourceQuality "1"]

1. Nf3 d5 2. d4 e6 3. c4 c6 4. a3 f5 5. cxd5 exd5 6. Bf4 Nf6 7. h3 Be7 8. e3 0-0 9. Nbd2 Ne4 10. Be2 Bd6 11. Bxd6 Qxd6 12. Nxe4 fxe4 13. Ne5 Nd7 14. Ng4 Nf6 15. f4 exf3 16. gxf3 Re8 17. Qd3 Nxg4 18. hxg4 g6 19. Kd2 b6 20. Rac1 Bd7 21. f4 Re7 22. Rh3 Rae8 23. Rg1 c5 24. Rgg3 cxd4 25. Qxd4 Re4 26. Qd3 d4 27. Kc1 Qc5+ 28. Kb1 Bc8 29. f5 Rxe3 30. Rxe3 Rxe3 31. Rxe3 dxe3 32. Qd8+ Kg7 33. f6+ Kf7 34. Qh8 Qc6 35. Qg7+ Ke6 36. Qe7+ Kd5 37. Bf3+ 1-0

[Event "Cardiff Welsh op"]
[Site "Cardiff"]
[Date "2023.04.07"]
[Round "1"]
[White "Emblem, Mark"]
[Black "Bridges, Paul"]
[Result "1/2-1/2"]
[WhiteElo "1403"]
[BlackElo "1751"]
[PlyCount "66"]
[EventDate "2023.04.07"]
[EventType "swiss"]
[EventRounds "7"]
[EventCountry "WLS"]
[SourceTitle "EXT 2024"]
[Source "ChessBase"]
[SourceDate "2023.10.10"]
[SourceVersion "1"]
[SourceVersionDate "2023.10.10"]
[SourceQuality "1"]

1. e4 c5 2. Nf3 e6 3. c4 Nc6 4. Nc3 d6 5. d4 cxd4 6. Nxd4 Nf6 7. Bg5 Be7 8. Be2 a6 9. Be3 0-0 10. 0-0 e5 11. Nxc6 bxc6 12. f3 Be6 13. Qa4 Qc7 14. Rad1 Rfd8 15. Qc2 Nd7 16. Na4 c5 17. b3 Nb8 18. Qc1 Nc6 19. Nc3 Nd4 20. f4 f6 21. Bh5 Rf8 22. f5 Bf7 23. Bxf7+ Rxf7 24. Nd5 Ne2+ 25. Kf2 Nxc1 26. Nxc7 Ra7 27. Bxc1 Rxc7 28. Bd2 Rb7 29. Ba5 Rf8 30. g4 Kf7 31. Rd2 Rc8 32. Rfd1 Rc6 33. h4 h6 1/2-1/2

[Event "Cardiff Welsh op"]
[Site "Cardiff"]
[Date "2022.04.15"]
[Round "2"]
[White "Bridges, Paul"]
[Black "Pugh, Noah"]
[Result "1-0"]
[WhiteElo "1768"]
[BlackElo "1450"]
[PlyCount "63"]
[EventDate "2022.04.15"]
[EventType "swiss"]
[EventRounds "7"]
[EventCountry "WLS"]
[SourceTitle "CBM 207 Extra"]
[Source "ChessBase"]
[SourceDate "2022.05.31"]
[SourceVersion "1"]
[SourceVersionDate "2022.05.31"]
[SourceQuality "1"]

1. e4 e5 2. Nc3 Nf6 3. Bc4 Nc6 4. Nf3 h6 5. 0-0 Bc5 6. a3 a5 7. d3 d6 8. h3 Bd7 9. Qe2 Ne7 10. Be3 Bxe3 11. Qxe3 c6 12. Qd2 0-0 13. Ba2 Ng6 14. d4 Qc8 15. Kh2 Bxh3 16. gxh3 Nf4 17. Ng1 Rd8 18. dxe5 dxe5 19. Qe3 Rd4 20. Rad1 c5 21. Bd5 Qd7 22. Nge2 N6xd5 23. Nxd5 Nxd5 24. exd5 Rxd5 25. Nc3 Rxd1 26. Rxd1 Qf5 27. Rd2 b6 28. Qe4 Qxe4 29. Nxe4 f6 30. Rd6 Rb8 31. Kg2 Kf8 32. Rd7 1-0

[Event "Tom Weston Major op"]
[Site "Cardiff"]
[Date "2018.04.01"]
[Round "5"]
[White "Morgans, Justin"]
[Black "Bridges, Paul"]
[Result "1/2-1/2"]
[WhiteElo "1623"]
[BlackElo "1804"]
[PlyCount "65"]
[EventDate "2018.03.30"]
[EventType "swiss"]
[EventRounds "7"]
[EventCountry "WLS"]
[SourceTitle "EXT 2020"]
[Source "ChessBase"]
[SourceDate "2019.10.17"]
[SourceVersion "1"]
[SourceVersionDate "2019.10.17"]
[SourceQuality "1"]

1. d4 d5 2. c4 e6 3. Nc3 c6 4. Nf3 f5 5. g3 Nf6 6. Bg2 Bd6 7. cxd5 exd5 8. 0-0 0-0 9. e3 Nbd7 10. a3 Ne4 11. Bd2 Qe7 12. Qc2 Ndf6 13. Rfb1 Be6 14. b4 Rfc8 15. Qb2 Nxc3 16. Bxc3 Ne4 17. Be1 Rc7 18. Nd2 Rac8 19. Nb3 b6 20. Rc1 g6 21. Rc2 c5 22. bxc5 bxc5 23. dxc5 Nxc5 24. Nd4 Ne4 25. Rxc7 Rxc7 26. Bb4 Bxb4 27. Nxe6 Qxe6 28. Qxb4 Qc6 29. Qd4 Qc4 30. Qe5 Qc6 31. Rd1 Rd7 32. Qe8+ Kg7 33. Qe5+ 1/2-1/2

[Event "Frome op"]
[Site "Frome"]
[Date "2017.05.14"]
[Round "5"]
[White "Turner, Joseph David"]
[Black "Bridges, Paul"]
[Result "1/2-1/2"]
[WhiteElo "1958"]
[BlackElo "1791"]
[PlyCount "92"]
[EventDate "2017.05.12"]
[EventType "swiss"]
[EventRounds "5"]
[EventCountry "ENG"]
[SourceTitle "CBM 178 Extra"]
[Source "ChessBase"]
[SourceDate "2017.06.22"]
[SourceVersion "1"]
[SourceVersionDate "2017.06.22"]
[SourceQuality "1"]

1. e4 c5 2. Nf3 e6 3. d4 cxd4 4. Nxd4 Nc6 5. Nc3 a6 6. g3 Nf6 7. Bg2 Qc7 8. 0-0 Be7 9. Re1 d6 10. Nxc6 bxc6 11. e5 dxe5 12. Rxe5 0-0 13. Bf4 Bd6 14. Rxe6 Bxf4 15. Rxc6 Qa7 16. Rxf6 Be5 17. Qd5 Bxf6 18. Qxa8 Qxa8 19. Bxa8 Be6 20. Bd5 Bxc3 21. Bxe6 Bxb2 22. Rb1 Bd4 23. Bc4 a5 24. Rb5 Bc3 25. Rc5 Bb4 26. Rc7 Bd6 27. Rd7 Bb4 28. Bd5 g6 29. c4 Kg7 30. f4 Kf6 31. Kg2 h6 32. Kf3 Ba3 33. h4 h5 34. Rc7 Bd6 35. Ra7 Bb4 36. a3 Bxa3 37. Rxa5 Bb4 38. Rb5 Ba3 39. c5 Re8 40. Rb6+ Kg7 41. Rb7 Bxc5 42. Rxf7+ Kh6 43. Be4 Rf8 44. Rc7 Bd4 45. Rd7 Bc3 46. Rd3 Rf6 1/2-1/2

[Event "Frome op"]
[Site "Frome"]
[Date "2017.05.13"]
[Round "2"]
[White "Ward, Julian T"]
[Black "Bridges, Paul"]
[Result "1/2-1/2"]
[WhiteElo "2139"]
[BlackElo "1791"]
[PlyCount "40"]
[EventDate "2017.05.12"]
[EventType "swiss"]
[EventRounds "5"]
[EventCountry "ENG"]
[SourceTitle "CBM 178 Extra"]
[Source "ChessBase"]
[SourceDate "2017.06.22"]
[SourceVersion "1"]
[SourceVersionDate "2017.06.22"]
[SourceQuality "1"]

1. d4 d5 2. Nf3 e6 3. c4 c6 4. e3 Bd6 5. Bd3 f5 6. Nc3 Nf6 7. 0-0 0-0 8. Qc2 Ne4 9. Ne5 Nd7 10. f4 Nxc3 11. Qxc3 Nxe5 12. dxe5 Be7 13. Bd2 Bd7 14. c5 b6 15. b4 Qc7 16. Kh1 Rfb8 17. Rfb1 bxc5 18. bxc5 Rxb1+ 19. Rxb1 Rb8 20. Rb3 Bc8 1/2-1/2

[Event "Tom Weston Major op"]
[Site "Cardiff"]
[Date "2017.04.16"]
[Round "5"]
[White "Bridges, Paul"]
[Black "Thomas, Roy"]
[Result "1/2-1/2"]
[WhiteElo "1776"]
[BlackElo "1727"]
[PlyCount "51"]
[EventDate "2017.04.14"]
[EventType "swiss"]
[EventRounds "7"]
[EventCountry "WLS"]
[SourceTitle "EXT 2019"]
[Source "ChessBase"]
[SourceDate "2018.10.10"]
[SourceVersion "1"]
[SourceVersionDate "2018.10.10"]
[SourceQuality "1"]

1. e4 c5 2. Nc3 Nc6 3. f4 e6 4. Nf3 Nf6 5. d3 Be7 6. g3 0-0 7. Bg2 d6 8. 0-0 a6 9. a4 Qc7 10. Ne2 d5 11. e5 Nd7 12. c3 f6 13. d4 c4 14. Nd2 Na5 15. g4 fxe5 16. fxe5 Bg5 17. b4 cxb3 18. Nxb3 Bxc1 19. Rxc1 Nc4 20. Qd3 Qb6 21. Rxf8+ Nxf8 22. Nc5 Nxe5 23. Qg3 Nc4 24. Rf1 Qd6 25. Qf2 Qe7 26. Nf4 1/2-1/2

[Event "Tom Weston Major op"]
[Site "Cardiff"]
[Date "2017.04.15"]
[Round "3"]
[White "Bridges, Paul"]
[Black "Gibbs, Dominic V"]
[Result "1-0"]
[WhiteElo "1776"]
[BlackElo "1845"]
[PlyCount "73"]
[EventDate "2017.04.14"]
[EventType "swiss"]
[EventRounds "7"]
[EventCountry "WLS"]
[SourceTitle "EXT 2019"]
[Source "ChessBase"]
[SourceDate "2018.10.10"]
[SourceVersion "1"]
[SourceVersionDate "2018.10.10"]
[SourceQuality "1"]

1. e4 c5 2. Nc3 Nc6 3. f4 g6 4. Nf3 Bg7 5. Bc4 e6 6. 0-0 Nge7 7. Bb3 Na5 8. d3 Nxb3 9. axb3 d5 10. e5 Bd7 11. Ne2 Nc6 12. Kh1 0-0 13. d4 cxd4 14. Nexd4 f6 15. Nxc6 Bxc6 16. Be3 b6 17. Bd4 f5 18. Be3 Qe7 19. Nd4 Rfc8 20. c3 Qd7 21. Qe2 a5 22. Nxc6 Qxc6 23. Bd4 Bf8 24. g4 Bc5 25. Rfd1 b5 26. gxf5 gxf5 27. Rg1+ Kh8 28. Qh5 Bxd4 29. Qf7 Bxe5 30. fxe5 d4+ 31. Rg2 Qxg2+ 32. Kxg2 Rg8+ 33. Kf2 Rg6 34. Rg1 Rxg1 35. Kxg1 dxc3 36. bxc3 Ra6 37. Qf8# 1-0

[Event "Dyfed op"]
[Site "Fishguard"]
[Date "2017.02.24"]
[Round "1"]
[White "Powell, Lloyd"]
[Black "Bridges, Paul"]
[Result "1/2-1/2"]
[WhiteElo "2088"]
[BlackElo "1781"]
[PlyCount "62"]
[EventDate "2017.02.24"]
[EventType "swiss"]
[EventRounds "5"]
[EventCountry "WLS"]
[SourceTitle "EXT 2019"]
[Source "ChessBase"]
[SourceDate "2018.10.10"]
[SourceVersion "1"]
[SourceVersionDate "2018.10.10"]
[SourceQuality "1"]

1. d4 d5 2. c4 e6 3. Nf3 c6 4. g3 f5 5. Bg2 Nf6 6. 0-0 Bd6 7. b3 Qe7 8. Bb2 0-0 9. Nbd2 Nbd7 10. Ne5 Ne4 11. e3 Nxd2 12. Qxd2 Nxe5 13. dxe5 Bb4 14. Qe2 Bd7 15. Rfd1 Be8 16. a3 Ba5 17. b4 Bb6 18. b5 Rc8 19. bxc6 bxc6 20. Bd4 Bc5 21. a4 Rb8 22. Rdb1 Bg6 23. cxd5 cxd5 24. Rb5 Bxd4 25. exd4 Rfc8 26. Qb2 Qc7 27. Bf1 Be8 28. Rxb8 Rxb8 29. Rc1 Rxb2 30. Rxc7 Bxa4 31. Rxa7 Rb4 1/2-1/2

[Event "South Wales Summer op"]
[Site "Penarth"]
[Date "2016.08.28"]
[Round "2"]
[White "Bridges, Paul"]
[Black "Brown, Thomas"]
[Result "0-1"]
[WhiteElo "1791"]
[BlackElo "2092"]
[PlyCount "40"]
[EventDate "2016.08.27"]
[EventType "swiss"]
[EventRounds "5"]
[EventCountry "WLS"]
[SourceTitle "EXT 2018"]
[Source "ChessBase"]
[SourceDate "2017.10.13"]
[SourceVersion "1"]
[SourceVersionDate "2017.10.13"]
[SourceQuality "1"]

1. e4 c6 2. d4 d5 3. e5 Bf5 4. Bd3 Bxd3 5. Qxd3 Qa5+ 6. Bd2 Qa6 7. Qf3 e6 8. Ne2 Ne7 9. 0-0 Ng6 10. Re1 Be7 11. Qh3 c5 12. c3 Nc6 13. Be3 Qb6 14. b3 0-0 15. Nd2 cxd4 16. cxd4 Ba3 17. Nf3 Nb4 18. Bc1 Bxc1 19. Rexc1 Rac8 20. a3 Nc2 0-1

[Event "BCF-ch Weekend op"]
[Site "Bournemouth"]
[Date "2016.07.31"]
[Round "5"]
[White "Bridges, Paul"]
[Black "Faulkner, David J"]
[Result "1/2-1/2"]
[WhiteElo "1812"]
[BlackElo "2160"]
[PlyCount "83"]
[EventDate "2016.07.29"]
[EventType "swiss"]
[EventRounds "5"]
[EventCountry "ENG"]
[SourceTitle "CBM 173 Extra"]
[Source "ChessBase"]
[SourceDate "2016.08.29"]
[SourceVersion "1"]
[SourceVersionDate "2016.08.29"]
[SourceQuality "1"]

1. e4 Nf6 2. e5 Nd5 3. d4 d6 4. f4 g6 5. Nf3 Bg7 6. Be2 0-0 7. 0-0 c6 8. c4 Nb6 9. Nc3 N8d7 10. Qe1 c5 11. Be3 cxd4 12. Bxd4 dxe5 13. fxe5 Nxe5 14. Bxe5 Bxe5 15. Rd1 Qc7 16. Nxe5 Qxe5 17. b3 Bf5 18. Bf3 Qc5+ 19. Kh1 Rab8 20. Ne4 Qe5 21. Ng3 Qxe1 22. Rfxe1 Be6 23. c5 Na8 24. b4 Nc7 25. a4 Na6 26. Rd4 Rfc8 27. Kg1 Kf8 28. Ne2 Ke8 29. Nf4 Bb3 30. a5 Rd8 31. Rxd8+ Kxd8 32. Rb1 Ba4 33. Kf2 e6 34. Ke3 Kc7 35. Nd3 Bb5 36. Ne5 Rf8 37. Be2 Bxe2 38. Kxe2 f6 39. Nd3 b6 40. cxb6+ axb6 41. b5 bxa5 42. bxa6 1/2-1/2

[Event "South Wales op 13th"]
[Site "Cardiff"]
[Date "2016.07.10"]
[Round "6"]
[White "Bridges, Paul"]
[Black "Orton, Paul"]
[Result "1/2-1/2"]
[WhiteElo "1812"]
[BlackElo "1595"]
[PlyCount "36"]
[EventDate "2016.07.07"]
[EventType "swiss"]
[EventRounds "10"]
[EventCountry "WLS"]
[SourceTitle "EXT 2017"]
[Source "ChessBase"]
[SourceDate "2016.10.25"]
[SourceVersion "1"]
[SourceVersionDate "2016.10.25"]
[SourceQuality "1"]

1. e4 c5 2. Nc3 Nc6 3. f4 g6 4. Nf3 Bg7 5. Bc4 e6 6. 0-0 Nge7 7. Bb3 a6 8. d3 0-0 9. Qe1 d5 10. a4 b6 11. Qh4 Nd4 12. f5 exf5 13. Bg5 f6 14. Nxd5 Nxb3 15. Nxf6+ Bxf6 16. Bxf6 Rxf6 17. Qxf6 Nxa1 18. Rxa1 Bb7 1/2-1/2

[Event "South Wales op 13th"]
[Site "Cardiff"]
[Date "2016.07.09"]
[Round "4"]
[White "Bridges, Paul"]
[Black "Martin, Lewis"]
[Result "0-1"]
[WhiteElo "1812"]
[BlackElo "2053"]
[PlyCount "64"]
[EventDate "2016.07.07"]
[EventType "swiss"]
[EventRounds "10"]
[EventCountry "WLS"]
[SourceTitle "EXT 2017"]
[Source "ChessBase"]
[SourceDate "2016.10.25"]
[SourceVersion "1"]
[SourceVersionDate "2016.10.25"]
[SourceQuality "1"]

1. e4 c5 2. Nc3 Nc6 3. f4 g6 4. Nf3 Bg7 5. Bc4 a6 6. d3 b5 7. Bb3 Nh6 8. 0-0 0-0 9. Qe1 e6 10. e5 Na5 11. Ne4 c4 12. dxc4 bxc4 13. Ba4 Nf5 14. Bd2 Nb7 15. Bc3 d5 16. exd6 Nbxd6 17. Nxd6 Qxd6 18. Bxg7 Nxg7 19. Qe5 Qb4 20. b3 Nf5 21. Kh1 Bb7 22. c3 Qb6 23. bxc4 Rac8 24. Rab1 Qa7 25. Bc2 Rxc4 26. Bxf5 exf5 27. Qe7 Rb8 28. Ne5 Bxg2+ 29. Kxg2 Qxe7 30. Rxb8+ Kg7 31. Nxc4 Qe2+ 32. Kg3 Qxf1 0-1

[Event "South Wales op 13th"]
[Site "Cardiff"]
[Date "2016.07.07"]
[Round "1"]
[White "Wallace, Paul Anthony"]
[Black "Bridges, Paul"]
[Result "1-0"]
[WhiteElo "2243"]
[BlackElo "1812"]
[PlyCount "65"]
[EventDate "2016.07.07"]
[EventType "swiss"]
[EventRounds "10"]
[EventCountry "WLS"]
[SourceTitle "EXT 2017"]
[Source "ChessBase"]
[SourceDate "2016.10.25"]
[SourceVersion "1"]
[SourceVersionDate "2016.10.25"]
[SourceQuality "1"]

1. e4 c5 2. Nf3 e6 3. d4 cxd4 4. Nxd4 Nc6 5. Be3 a6 6. Bd3 Nf6 7. 0-0 Qc7 8. Nxc6 bxc6 9. f4 d6 10. c4 Bb7 11. Nc3 Be7 12. Qe2 0-0 13. Rae1 c5 14. Bc1 Nd7 15. e5 g6 16. b3 Rad8 17. Be4 Bxe4 18. exd6 Qxd6 19. Nxe4 Qd4+ 20. Nf2 Qd6 21. Ng4 h5 22. Nf2 Bf6 23. Kh1 Bg7 24. Ne4 Qe7 25. Qf2 Bd4 26. Qg3 Rfe8 27. Ng5 Qf6 28. Bd2 Qf5 29. Ba5 Rc8 30. Ne4 Rc6 31. Qf3 Rec8 32. h3 Nf6 33. Ng3 1-0

[Event "South Wales Autumn op"]
[Site "Pencoed"]
[Date "2015.10.11"]
[Round "4"]
[White "Bridges, Paul"]
[Black "Pleasants, Allan J"]
[Result "1/2-1/2"]
[WhiteElo "1822"]
[BlackElo "2061"]
[PlyCount "65"]
[EventDate "2015.10.09"]
[EventType "swiss"]
[EventRounds "5"]
[EventCountry "WLS"]
[SourceTitle "EXT 2018"]
[Source "ChessBase"]
[SourceDate "2017.10.13"]
[SourceVersion "1"]
[SourceVersionDate "2017.10.13"]
[SourceQuality "1"]

1. e4 d6 2. d4 Nf6 3. Bd3 e5 4. d5 Nbd7 5. c4 Nc5 6. Nc3 c6 7. Bc2 Qb6 8. b3 cxd5 9. exd5 Be7 10. h3 Bd7 11. Nf3 0-0 12. 0-0 Ne8 13. Ng5 f5 14. Nf3 Bf6 15. Bg5 a5 16. a4 Qd8 17. Qd2 Nc7 18. Nb5 Nxb5 19. axb5 f4 20. Bxf6 Qxf6 21. Qc3 b6 22. Rfe1 g5 23. Nd2 h5 24. Ne4 Nxe4 25. Bxe4 g4 26. Kf1 f3 27. hxg4 hxg4 28. gxf3 gxf3 29. Re3 Bg4 30. Ke1 Qh4 31. Bxf3 Rxf3 32. Rxf3 Qh1+ 33. Ke2 1/2-1/2

[Event "South Wales op 12th"]
[Site "Cardiff"]
[Date "2015.07.15"]
[Round "8"]
[White "Ralphs, Nigel"]
[Black "Bridges, Paul"]
[Result "1-0"]
[WhiteElo "1965"]
[BlackElo "1853"]
[PlyCount "41"]
[EventDate "2015.07.11"]
[EventType "swiss"]
[EventRounds "10"]
[EventCountry "WLS"]
[SourceTitle "EXT 2016"]
[Source "ChessBase"]
[SourceDate "2015.10.08"]
[SourceVersion "1"]
[SourceVersionDate "2015.10.08"]
[SourceQuality "1"]

1. e4 c5 2. Nf3 d6 3. Bb5+ Bd7 4. Bxd7+ Nxd7 5. 0-0 g6 6. c3 Ngf6 7. Qe2 Bg7 8. d4 0-0 9. e5 dxe5 10. dxe5 Ne8 11. e6 Ndf6 12. exf7+ Rxf7 13. Ng5 Qc8 14. Nxf7 Kxf7 15. Nd2 Nd6 16. Re1 Bf8 17. Nf3 h6 18. Bxh6 Nfe4 19. Ng5+ Nxg5 20. Bxg5 e6 21. Qf3+ 1-0